000 00572nam a2200229Ia 4500
003 OSt
005 20220912153019.0
006 a|||||r|||| 00| 0
007 ta
008 220909b |||||||| |||| 00| 0 eng d
024 _a25870
037 _cTextual
040 _aCSL
_beng
_cCSL
041 _aeng
082 _aY12:356.63.N5, K3
100 _aJabavu Noni
245 0 _aOchre people: Scenes from a South African life
260 _c1963
300 _ap.
_ccm.
942 _hY12:356.63.N5, K3
_cTEXL
_2CC
999 _c96127
_d96127